Common murder : the second Lindsay Gordon mystery /

Saved in:
Bibliografiske detaljer
Hovedforfatter: McDermid, Val
Format: Bog
Sprog:engelsk
Udgivet: London The Women's Press 1993
Udgivelse:Rist
Tags: Tilføj Tag
Ingen Tags, Vær først til at tagge denne postø!

MARC

LEADER 00000nam a2200000 4500
001 CDOM0000002010
003 mi
005 20250929101057.0
008 250929b |||||||| |||| 00| 0 eng d
020 |a 0704342065 
040 |c mi 
100 |a McDermid, Val 
245 1 |a Common murder :  |b the second Lindsay Gordon mystery /  |c Val McDermid 
250 |a Rist 
260 |a London  |b The Women's Press  |c 1993 
300 |a 195 p.  |c 20 cm. 
942 |2 ddc  |c BK 
952 |0 0  |1 0  |2 ddc  |4 0  |6 B_LNR02MCDVACOM11  |7 0  |9 5738  |a MI  |b MI  |d 2006-01-26  |i 5054  |l 0  |o B-LNR02-MCDVA-COM11  |p CDOM5054  |r 2025-07-13 16:28:00  |w 2025-07-13  |x ACQUISTO  |y BK 
999 |c 4581  |d 4581